00908cam a22002411 4500001001300000003000400013005001700017008004100034010001700075025001900092035001900111040003900130042001200169050001500181100002500196245008600221260006800307300001900375440003400394500016600428650005500594999001700649ne 66000480 DLC20260227111821.0820111s1966 sy 000 0 ararc ane 66000480  aPL480:UAR-8480 a(OCoLC)8056193 aPrinceton Univ. Libr.cTUdTUdDLC apremarc00aML330b.I41 aIkhtiyār, Nasīb.13aal-Fulklūr al-ghināʼī ʻinda al-ʻArabc[taʼlīf] Nasīb al-Ikhtiyār. a[Dimashq]bal-Maṭbaʻah wa-al-Jarīdah al-Rasmīyahc[1966] a116 p.c25 cm. 3aal-Silsilah al-fannīyah,v7 aAt head of title: al-Jumhūrīyah al-ʻArabīyah al-Sūrīyah. Wazārat al-thaqāfah wa-al-irshād al-qawmī, Mudīrīyat al-taʼlīf wa-al-tarjamah. 0aFolk musiczArab countriesxHistory and criticism. c48722d48722